000 00813nam a2200217Ia 4500
003 GCL
008 140319s9999 xx 000 0 ara d
040 _aGCL /
_cGCL
082 0 4 _a961
_bك م
100 1 _aكوريبوس , فلقيوس كريسكونيوس
245 1 0 _aملحمة الحرب الليبية الرومانية او مقاومة قبائل المغرب العربى للاستعمار الرومانى /
_cكوريبوس , فلقيوس كريسكونيوس
260 _a[S.N] :
_bمنشورات مركز دراسة جهاد الليبيين ،
_c1988
300 _a218 ص
490 _a
650 0 4 _aليبيا
650 0 4 _aالمغرب العربى
650 0 4 _aليبيا القديمة
650 0 4 _aالقبائل البربرية
650 0 4 _aالبربر
942 _2ddc
_cBK
999 _c35857
_d35857